Normal view
MARC view
Entry Personal Name
001 - CONTROL NUMBER
- control field: 64049
003 - CONTROL NUMBER IDENTIFIER
- control field: OSt
005 - DATE AND TIME OF LATEST TRANSACTION
- control field: 20160610164512.0
008 - FIXED-LENGTH DATA ELEMENTS
- fixed length control field: 160610|| aca||aabn | a|a d
040 ## - CATALOGING SOURCE
- Original cataloging agency: OSt
- Transcribing agency: OSt
100 ## - HEADING--PERSONAL NAME
- Personal name: शेखरन, गोपाल
670 ## - SOURCE DATA FOUND
- Source citation: Work cat.: (OSt)47108: शेखरन, गोपाल , सर्वव्याप्त भ्रष्टाचार , 1996









